[Event "Open de la Constitución 2019"]
[Site "S. S. de los Reyes ESP"]
[Date "2019.12.02"]
[Round "3.17"]
[White "Blanco Martin, Oscar"]
[Black "Montiel Miguelez, Manuel"]
[Result "1-0"]
[WhiteElo "1692"]
[BlackElo "1811"]
[PlyCount "107"]
[EventDate "2019.11.30"]
[EventType "swiss"]
[EventRounds "9"]
[EventCountry "ESP"]
[SourceTitle "Ajedrez en Madrid"]
[Source "lmi"]
[SourceDate "2019.11.30"]
[SourceVersion "1"]
[SourceVersionDate "2019.12.16"]
[SourceQuality "1"]

1. c4 Nf6 2. Nc3 e6 3. Nf3 b6 4. g3 Bb7 5. Bg2 d5 6. Ne5 Nbd7 7. Qa4 Qc8 8. d4
dxc4 9. Bc6 Be7 10. Bg5 Bxc6 11. Qxc6 Rb8 12. Nb5 Bb4+ 13. Kf1 O-O 14. Bxf6
Nxf6 15. Qxc4 Bd6 16. Nxa7 Qb7 17. Nac6 Bxe5 18. dxe5 Nd7 19. f3 Ra8 20. Kf2 b5
21. Qc3 Ra4 22. b3 Ra3 23. Rhc1 Rfa8 24. Rc2 Kh8 25. Kg2 h6 26. Rd1 Nb6 27.
Rdd2 Nd5 28. Qc5 Qb6 29. Qxb6 cxb6 30. Kf2 Re8 31. e4 Ne7 32. Rd6 Nxc6 33.
Rdxc6 Ra6 34. Ke3 Rea8 35. Rc8+ Kh7 36. Rxa8 Rxa8 37. Kd3 b4 38. Rd2 b5 39. Kc2
Rc8+ 40. Kb2 Rc3 41. Rf2 Re3 42. a3 bxa3+ 43. Kxa3 Kg8 44. Kb4 Kf8 45. f4 Ke7
46. Rc2 Kd7 47. Rc3 Rxe4+ 48. Kxb5 g5 49. Rf3 g4 50. Rf2 Kc7 51. Rc2+ Kb7 52.
Kc5 Kc7 53. b4 Re3 54. Kd4+ 1-0

[Event "Open de la Constitución 2019"]
[Site "S. S. de los Reyes ESP"]
[Date "2019.12.02"]
[Round "3.18"]
[White "Santamaria Farran, Pablo"]
[Black "Pindado Del Carmen, Eliseo"]
[Result "1/2-1/2"]
[WhiteElo "1808"]
[BlackElo "1531"]
[PlyCount "111"]
[EventDate "2019.11.30"]
[EventType "swiss"]
[EventRounds "9"]
[EventCountry "ESP"]
[SourceTitle "Ajedrez en Madrid"]
[Source "lmi"]
[SourceDate "2019.11.30"]
[SourceVersion "1"]
[SourceVersionDate "2019.12.16"]
[SourceQuality "1"]

1. e4 c5 2. Nf3 Nc6 3. Bb5 Qc7 4. Nc3 e6 5. O-O a6 6. Bxc6 bxc6 7. e5 Ne7 8. d3
Ng6 9. Re1 Be7 10. Na4 d6 11. exd6 Bxd6 12. Be3 Ne5 13. g3 Nd7 14. b3 Be7 15.
Bg5 Bd6 16. c4 O-O 17. Qc2 f6 18. Bc1 Nb6 19. Nc3 e5 20. Ba3 f5 21. Rad1 Bd7
22. Nd2 Rae8 23. Ne2 Bc8 24. d4 exd4 25. Nxd4 Rxe1+ 26. Rxe1 Bd7 27. f4 Qc8 28.
N4f3 Re8 29. Qc1 Rxe1+ 30. Qxe1 Qe8 31. Qxe8+ Bxe8 32. Ne5 Bxe5 33. fxe5 Nd7
34. Nf3 Bf7 35. Ng5 Nxe5 36. Bxc5 h6 37. Nh3 Nd3 38. Ba3 Bh5 39. Nf4 Nxf4 40.
gxf4 Bd1 41. Bc1 Bc2 42. Kf2 Bb1 43. a3 Ba2 44. b4 Bxc4 45. Ke3 Bb5 46. Kd4 Kf7
47. Ke5 g6 48. h4 h5 49. Be3 Ba4 50. Bc5 Bb5 51. Bd4 Ba4 52. Kd6 Bb5 53. Be5
Ba4 54. Kc5 Ke6 55. Kb6 Bb5 56. Kc5 1/2-1/2

[Event "Open de la Constitución 2019"]
[Site "S. S. de los Reyes ESP"]
[Date "2019.12.02"]
[Round "3.19"]
[White "Campos Rodriguez, Alvaro"]
[Black "Alonso Garuti, Luis E"]
[Result "1/2-1/2"]
[WhiteElo "1691"]
[BlackElo "1796"]
[PlyCount "41"]
[EventDate "2019.11.30"]
[EventType "swiss"]
[EventRounds "9"]
[EventCountry "ESP"]
[SourceTitle "Ajedrez en Madrid"]
[Source "lmi"]
[SourceDate "2019.11.30"]
[SourceVersion "1"]
[SourceVersionDate "2019.12.16"]
[SourceQuality "1"]

1. e4 c5 2. d4 cxd4 3. Nf3 e5 4. c3 Nc6 5. Bc4 Nf6 6. Ng5 d5 7. exd5 Na5 8. O-O
Nxc4 9. Qa4+ Qd7 10. Qxc4 Qxd5 11. Qxd5 Nxd5 12. Nf3 f6 13. cxd4 exd4 14. Nxd4
Bd7 15. Bd2 Rc8 16. Nc3 Nxc3 17. Bxc3 Bc5 18. Rad1 O-O 19. Nb3 Ba4 20. Rd5 Bb6
21. h3 1/2-1/2

[Event "Open de la Constitución 2019"]
[Site "S. S. de los Reyes ESP"]
[Date "2019.12.02"]
[Round "3.20"]
[White "Savchuk, Olga"]
[Black "Rodriguez Valdeavero, Julio C."]
[Result "1-0"]
[WhiteElo "1611"]
[BlackElo "1778"]
[PlyCount "75"]
[EventDate "2019.11.30"]
[EventType "swiss"]
[EventRounds "9"]
[EventCountry "ESP"]
[SourceTitle "Ajedrez en Madrid"]
[Source "lmi"]
[SourceDate "2019.11.30"]
[SourceVersion "1"]
[SourceVersionDate "2019.12.16"]
[SourceQuality "1"]

1. e4 c5 2. c4 g6 3. Nf3 Bg7 4. d4 cxd4 5. Nxd4 Nc6 6. Be3 d6 7. Nc3 Nf6 8. Be2
O-O 9. O-O Bd7 10. Qd2 Ng4 11. Bxg4 Bxg4 12. f4 Bd7 13. Kh1 b6 14. f5 Ne5 15.
b3 a6 16. Bh6 Rb8 17. Bxg7 Kxg7 18. Qg5 h6 19. Qg3 g5 20. Nd5 Kh7 21. Nf3 Nxf3
22. Qxf3 Bc6 23. Qh5 b5 24. Rf3 Kg7 25. f6+ exf6 26. Rxf6 Qxf6 27. Nxf6 Kxf6
28. Qxh6+ Ke7 29. Qxg5+ f6 30. Qf5 bxc4 31. bxc4 Rb2 32. c5 Re2 33. cxd6+ Kxd6
34. Rd1+ Kc7 35. Qa5+ Kb7 36. Rb1+ Bb5 37. a4 Ra2 38. Qb4 1-0

[Event "Open de la Constitución 2019"]
[Site "S. S. de los Reyes ESP"]
[Date "2019.12.02"]
[Round "3.21"]
[White "Martinez Miura, Enrique"]
[Black "Alvarez Gonzalez, Eduardo"]
[Result "1/2-1/2"]
[WhiteElo "1554"]
[BlackElo "1771"]
[PlyCount "74"]
[EventDate "2019.11.30"]
[EventType "swiss"]
[EventRounds "9"]
[EventCountry "ESP"]
[SourceTitle "Ajedrez en Madrid"]
[Source "lmi"]
[SourceDate "2019.11.30"]
[SourceVersion "1"]
[SourceVersionDate "2019.12.16"]
[SourceQuality "1"]

1. e4 c6 2. d4 d5 3. e5 Bf5 4. Ne2 e6 5. Ng3 Bg6 6. h4 h6 7. h5 Bh7 8. Bd3 Bxd3
9. Qxd3 Qa5+ 10. c3 Qa6 11. Qxa6 Nxa6 12. a3 c5 13. Be3 Ne7 14. Nd2 Nc6 15. f4
Be7 16. Ke2 cxd4 17. cxd4 Rc8 18. Rac1 Kd7 19. f5 Nc7 20. Kd3 a6 21. Rhf1 f6
22. Nf3 fxe5 23. Nxe5+ Nxe5+ 24. dxe5 Rhf8 25. fxe6+ Nxe6 26. Rxc8 Kxc8 27.
Rxf8+ Bxf8 28. Nf5 Kd7 29. g4 Kc6 30. Nd4+ Kd7 31. Nf5 Ke8 32. Bb6 Kd7 33. Be3
Kc7 34. Bf2 b6 35. Be3 Bc5 36. b4 Bxe3 37. Kxe3 Kd7 1/2-1/2

[Event "Open de la Constitución 2019"]
[Site "S. S. de los Reyes ESP"]
[Date "2019.12.02"]
[Round "3.22"]
[White "Sanchez Sanz, Alejandro"]
[Black "Gonzalez Morente, Jose A"]
[Result "1-0"]
[WhiteElo "1745"]
[BlackElo "1476"]
[PlyCount "117"]
[EventDate "2019.11.30"]
[EventType "swiss"]
[EventRounds "9"]
[EventCountry "ESP"]
[SourceTitle "Ajedrez en Madrid"]
[Source "lmi"]
[SourceDate "2019.11.30"]
[SourceVersion "1"]
[SourceVersionDate "2019.12.16"]
[SourceQuality "1"]

1. d4 d5 2. Bf4 Nf6 3. e3 e6 4. Nd2 c5 5. c3 Bd6 6. Bg3 O-O 7. Bd3 Nc6 8. Ngf3
Re8 9. e4 dxe4 10. Nxe4 Nxe4 11. Bxe4 h6 12. Ne5 Nxe5 13. dxe5 Be7 14. O-O Rb8
15. Qa4 Bd7 16. Qxa7 Qc7 17. Qa3 c4 18. b4 cxb3 19. Qxb3 Rec8 20. Rac1 Qc4 21.
Rfd1 Ba4 22. Qxc4 Rxc4 23. Rd4 Rbc8 24. Rxc4 Rxc4 25. Bxb7 Ba3 26. Re1 Rxc3 27.
Be4 Bc2 28. Bf3 Bg6 29. h3 Rc2 30. Re2 Rxe2 31. Bxe2 Bb1 32. Bc4 Kf8 33. Kf1
Ke7 34. Ke2 Kd7 35. f4 Kc6 36. Bf2 Be4 37. g3 Bd5 38. Bb3 Bxb3 39. axb3 Kb5 40.
Be1 Bb4 41. Bd2 Kc5 42. Be3+ Kd5 43. Kd3 h5 44. Bd4 Be1 45. g4 hxg4 46. hxg4 g6
47. g5 Bb4 48. Bc3 Kc5 49. Bxb4+ Kxb4 50. Kd4 Kb5 51. Kc3 Kc5 52. b4+ Kb5 53.
Kb3 Kb6 54. Kc4 Kc6 55. b5+ Kb6 56. Kb4 Kc7 57. Kc5 Kd7 58. Kb6 Kc8 59. Ka7 1-0

[Event "Open de la Constitución 2019"]
[Site "S. S. de los Reyes ESP"]
[Date "2019.12.02"]
[Round "3.23"]
[White "Lopez-Ibarra Perdones, Miguel"]
[Black "Ruiz Grau, David"]
[Result "0-1"]
[WhiteElo "1136"]
[BlackElo "1326"]
[PlyCount "80"]
[EventDate "2019.11.30"]
[EventType "swiss"]
[EventRounds "9"]
[EventCountry "ESP"]
[SourceTitle "Ajedrez en Madrid"]
[Source "lmi"]
[SourceDate "2019.11.30"]
[SourceVersion "1"]
[SourceVersionDate "2019.12.16"]
[SourceQuality "1"]

1. e4 c5 2. Nf3 e6 3. d4 cxd4 4. Nxd4 Nc6 5. Nc3 Qc7 6. a3 a6 7. Qd3 Ne5 8. Qg3
d6 9. f4 Nc6 10. Qf2 Bd7 11. Bd3 Nf6 12. f5 Nxd4 13. Qxd4 Be7 14. Be3 e5 15.
Qb6 Bd8 16. Qxc7 Bxc7 17. O-O Ng4 18. Rae1 Nxe3 19. Rxe3 Bb6 20. Nd5 Bxe3+ 21.
Nxe3 Bc6 22. f6 g6 23. b4 b5 24. c4 Rd8 25. cxb5 axb5 26. Rc1 Kd7 27. Kf2 Ra8
28. Rc3 Rhc8 29. Rb3 h5 30. g4 Ke6 31. gxh5 gxh5 32. Be2 Bxe4 33. Bxh5 Rh8 34.
Bg4+ Kxf6 35. Bf3 Rxh2+ 36. Bg2 Rg8 37. Kf1 Bxg2+ 38. Nxg2 Rgxg2 39. Rf3+ Ke6
40. Re3 Ra2 0-1

[Event "Open de la Constitución 2019"]
[Site "S. S. de los Reyes ESP"]
[Date "2019.12.02"]
[Round "3.24"]
[White "Alfaya Martinez, Enrique"]
[Black "Martinez-Paul Exposito, Ignacio Jesus"]
[Result "1-0"]
[WhiteElo "1560"]
[BlackElo "1148"]
[PlyCount "81"]
[EventDate "2019.11.30"]
[EventType "swiss"]
[EventRounds "9"]
[EventCountry "ESP"]
[SourceTitle "Ajedrez en Madrid"]
[Source "lmi"]
[SourceDate "2019.11.30"]
[SourceVersion "1"]
[SourceVersionDate "2019.12.16"]
[SourceQuality "1"]

1. d4 d5 2. Nf3 e6 3. Bf4 Nf6 4. e3 Be7 5. Bd3 Nbd7 6. Nbd2 b6 7. h3 O-O 8. O-O
Re8 9. Ne5 Nh5 10. Qxh5 g6 11. Nxg6 hxg6 12. Bxg6 fxg6 13. Qxg6+ Kh8 14. Qh6+
Kg8 15. Qxe6+ Kh8 16. Qh6+ Kg8 17. Qg6+ Kh8 18. Qh5+ Kg8 19. Qxd5+ Kg7 20. Qxa8
Ba6 21. Qxd8 Bxd8 22. c4 c5 23. d5 Bf6 24. Rab1 Ne5 25. Bxe5 Rxe5 26. b3 Kf8
27. Nf3 Re8 28. Rfd1 Ke7 29. Nh2 Bc8 30. g4 Kd6 31. Re1 Re4 32. f3 Re8 33. f4
Re4 34. Kf2 Bh4+ 35. Kf3 Re8 36. Re2 a6 37. e4 Bd7 38. e5+ Ke7 39. e6 Bc8 40.
g5 Rf8 41. Kg4 1-0

[Event "Open de la Constitución 2019"]
[Site "S. S. de los Reyes ESP"]
[Date "2019.12.02"]
[Round "3.26"]
[White "Diaz Guzman, David"]
[Black "Diez Cuarental, Luis Pablo"]
[Result "1-0"]
[WhiteElo "1137"]
[BlackElo "1208"]
[PlyCount "55"]
[EventDate "2019.11.30"]
[EventType "swiss"]
[EventRounds "9"]
[EventCountry "ESP"]
[SourceTitle "Ajedrez en Madrid"]
[Source "lmi"]
[SourceDate "2019.11.30"]
[SourceVersion "1"]
[SourceVersionDate "2019.12.16"]
[SourceQuality "1"]

1. e4 e5 2. Nf3 Nc6 3. Bc4 Nf6 4. Ng5 d5 5. exd5 b5 6. Be2 Qxd5 7. O-O e4 8. d3
h6 9. Nxe4 Nxe4 10. dxe4 Qxd1 11. Rxd1 a6 12. Nc3 Bb7 13. Bf4 Rc8 14. Bg4 Rd8
15. Rxd8+ Kxd8 16. Rd1+ Ke8 17. Bxc7 Bb4 18. Nd5 Ba5 19. Bxa5 Nxa5 20. Nc7+ Ke7
21. Rd7+ Kf6 22. Nd5+ Ke5 23. Rxf7 Kxe4 24. Ne7 g5 25. f3+ Ke3 26. b4 Rd8 27.
Nf5+ Ke2 28. f4+ 1-0

[Event "Open de la Constitución 2019"]
[Site "S. S. de los Reyes ESP"]
[Date "2019.12.02"]
[Round "3.30"]
[White "Vallespin Morales, Antonio"]
[Black "Valle Fernandez de Castro, Luis"]
[Result "1-0"]
[WhiteElo "1407"]
[BlackElo "1174"]
[PlyCount "55"]
[EventDate "2019.11.30"]
[EventType "swiss"]
[EventRounds "9"]
[EventCountry "ESP"]
[SourceTitle "Ajedrez en Madrid"]
[Source "lmi"]
[SourceDate "2019.11.30"]
[SourceVersion "1"]
[SourceVersionDate "2019.12.16"]
[SourceQuality "1"]

1. e4 e5 2. Nf3 Nc6 3. Bb5 Nf6 4. d3 d6 5. c3 Bg4 6. h3 Bh5 7. O-O Qd7 8. Re1
O-O-O 9. Be3 d5 10. Nbd2 d4 11. cxd4 exd4 12. Bf4 Bd6 13. Bxd6 Qxd6 14. Bxc6
Ng4 15. Bxb7+ Kxb7 16. Qb3+ Kc8 17. e5 Qc6 18. Rac1 Qb6 19. Qc2 Rd7 20. Nc4 Qc6
21. Nd6+ Rxd6 22. exd6 Qd7 23. dxc7 Rd8 24. cxd8=Q+ Kxd8 25. Ne5 Qd6 26. Qc8+
Ke7 27. Nf3+ Kf6 28. Rc6 1-0

[Event "Open de la Constitución 2019"]
[Site "S. S. de los Reyes ESP"]
[Date "2019.12.02"]
[Round "3.32"]
[White "Diaz Del Prado, Carlos"]
[Black "Raskin Calvo, Elizabetta"]
[Result "1-0"]
[WhiteElo "1287"]
[BlackElo "1144"]
[PlyCount "133"]
[EventDate "2019.11.30"]
[EventType "swiss"]
[EventRounds "9"]
[EventCountry "ESP"]
[SourceTitle "Ajedrez en Madrid"]
[Source "lmi"]
[SourceDate "2019.11.30"]
[SourceVersion "1"]
[SourceVersionDate "2019.12.16"]
[SourceQuality "1"]

1. d4 d5 2. Nf3 Nc6 3. Nbd2 Bf5 4. e3 a6 5. Nh4 e6 6. Nxf5 exf5 7. Bd3 g6 8. c3
Bg7 9. Qe2 Nge7 10. Nf3 h6 11. Bd2 Qd7 12. b4 b5 13. O-O O-O 14. Bc2 Rad8 15.
a4 Nb8 16. axb5 axb5 17. Ra7 Rc8 18. Rb7 Qc6 19. Qxb5 Qa6 20. Qxa6 Nxa6 21. Bd3
Nb8 22. Ra1 Nbc6 23. b5 Nd8 24. Rba7 Ne6 25. b6 Nc6 26. Rb7 Ncd8 27. Rba7 cxb6
28. Rd7 Nc7 29. Rb1 Nde6 30. Rxb6 Rfd8 31. Rxd8+ Rxd8 32. h3 f4 33. e4 dxe4 34.
Bxe4 Nd5 35. Bxd5 Rxd5 36. Rb8+ Kh7 37. Rb1 h5 38. Rc1 g5 39. c4 Rd6 40. d5 Nc5
41. Nxg5+ Kg6 42. Bb4 Kxg5 43. Bxc5 Rg6 44. d6 Bf6 45. Bb6 Rg8 46. c5 Bd8 47.
Bxd8+ Rxd8 48. c6 Rxd6 49. c7 Rg6 50. c8=Q h4 51. Qd8+ Kh6 52. Qf8+ Kh7 53.
Qxf7+ Rg7 54. Qxf4 Rg6 55. Rc7+ Rg7 56. Qxh4+ Kg8 57. Rxg7+ Kxg7 58. Qf4 Kg6
59. Kh2 Kg7 60. Qd6 Kf7 61. Kg3 Kg7 62. Kg4 Kf7 63. Kg5 Kg7 64. Qc7+ Kf8 65.
Kg6 Ke8 66. Kf6 Kf8 67. Qd8# 1-0

[Event "Open de la Constitución 2019"]
[Site "S. S. de los Reyes ESP"]
[Date "2019.12.03"]
[Round "4.1"]
[White "Torres Boch, Jose F."]
[Black "Martin Rodriguez, Emilio"]
[Result "1-0"]
[WhiteElo "2154"]
[BlackElo "2030"]
[PlyCount "65"]
[EventDate "2019.11.30"]
[EventType "swiss"]
[EventRounds "9"]
[EventCountry "ESP"]
[SourceTitle "Ajedrez en Madrid"]
[Source "lmi"]
[SourceDate "2019.11.30"]
[SourceVersion "1"]
[SourceVersionDate "2019.12.16"]
[SourceQuality "1"]

1. e4 c6 2. d4 d5 3. Nd2 g6 4. Ngf3 Bg4 5. h3 Bxf3 6. Qxf3 Bg7 7. c3 Nf6 8. e5
Nfd7 9. h4 e6 10. h5 Rg8 11. Qh3 Nf8 12. Bd3 c5 13. Nf3 cxd4 14. cxd4 Nc6 15.
O-O Qb6 16. Bg5 Nb4 17. Be2 h6 18. Bd2 O-O-O 19. Rfc1+ Kb8 20. Rc5 Nc6 21. Rac1
g5 22. Rb5 Qc7 23. Ne1 Qd7 24. Qe3 Ka8 25. Rbc5 f6 26. Bb5 Rc8 27. Nd3 fxe5 28.
Nb4 exd4 29. Qa3 Be5 30. Nxc6 bxc6 31. Rxc6 Rb8 32. Rc7 Qxc7 33. Rxc7 1-0

[Event "Open de la Constitución 2019"]
[Site "S. S. de los Reyes ESP"]
[Date "2019.12.03"]
[Round "4.2"]
[White "Salvador Cabo, Cesar"]
[Black "Martinez Fernandez, Raul"]
[Result "0-1"]
[WhiteElo "1988"]
[BlackElo "2203"]
[PlyCount "52"]
[EventDate "2019.11.30"]
[EventType "swiss"]
[EventRounds "9"]
[EventCountry "ESP"]
[SourceTitle "Ajedrez en Madrid"]
[Source "lmi"]
[SourceDate "2019.11.30"]
[SourceVersion "1"]
[SourceVersionDate "2019.12.16"]
[SourceQuality "1"]

1. e4 e5 2. Nf3 Nc6 3. d4 exd4 4. Nxd4 Nf6 5. Nxc6 bxc6 6. Bd3 d5 7. exd5 cxd5
8. O-O Be7 9. c4 O-O 10. cxd5 Qxd5 11. Nc3 Qa5 12. Qf3 Rb8 13. Rb1 Rb4 14. a3
Rh4 15. Bf4 Qb6 16. Bg3 Bb7 17. Qe2 Qc6 18. f3 Bc5+ 19. Kh1 Rh5 20. Bb5 Qe6 21.
Qxe6 fxe6 22. Bxc7 Nd5 23. Nxd5 Bxd5 24. Bd3 Rh3 25. Bg3 Rxg3 26. hxg3 Rf6 0-1

[Event "Open de la Constitución 2019"]
[Site "S. S. de los Reyes ESP"]
[Date "2019.12.03"]
[Round "4.3"]
[White "Longa Yauca, Javier"]
[Black "Aziz Ortego, Omar Luis"]
[Result "0-1"]
[WhiteElo "2198"]
[BlackElo "2019"]
[PlyCount "64"]
[EventDate "2019.11.30"]
[EventType "swiss"]
[EventRounds "9"]
[EventCountry "ESP"]
[SourceTitle "Ajedrez en Madrid"]
[Source "lmi"]
[SourceDate "2019.11.30"]
[SourceVersion "1"]
[SourceVersionDate "2019.12.16"]
[SourceQuality "1"]

1. c4 d6 2. Nc3 e5 3. d3 f5 4. g3 Nf6 5. Bg2 g6 6. e3 Bg7 7. Nge2 c6 8. O-O O-O
9. b4 Be6 10. Rb1 d5 11. cxd5 cxd5 12. f4 e4 13. Nd4 Bf7 14. b5 Nbd7 15. Ba3
Re8 16. Qd2 exd3 17. Qxd3 Ne4 18. Nxe4 dxe4 19. Qd2 Nb6 20. Rfd1 Nc4 21. Qc1
Rc8 22. Nxf5 gxf5 23. Rxd8 Rexd8 24. Be7 Rd7 25. Bb4 Rdd8 26. Be7 Rd7 27. Bb4
Rcc7 28. Kh1 Nb2 29. Qg1 h5 30. h3 Rc2 31. a3 Nd3 32. Rd1 Nf2+ 0-1

[Event "Open de la Constitución 2019"]
[Site "S. S. de los Reyes ESP"]
[Date "2019.12.03"]
[Round "4.4"]
[White "Iagar, Razvan-Gabriel"]
[Black "Cabañas Bravo, Juan Andres"]
[Result "1-0"]
[WhiteElo "2182"]
[BlackElo "2063"]
[PlyCount "105"]
[EventDate "2019.11.30"]
[EventType "swiss"]
[EventRounds "9"]
[EventCountry "ESP"]
[SourceTitle "Ajedrez en Madrid"]
[Source "lmi"]
[SourceDate "2019.11.30"]
[SourceVersion "1"]
[SourceVersionDate "2019.12.16"]
[SourceQuality "1"]

1. d4 Nf6 2. Nf3 g6 3. Bf4 Bg7 4. e3 d5 5. h3 O-O 6. c3 c5 7. Nbd2 Qb6 8. Qb3
Nc6 9. Be2 c4 10. Qa3 Qa5 11. Qxa5 Nxa5 12. b3 Bf5 13. g4 Be6 14. O-O Rac8 15.
Rfc1 Rfd8 16. Rab1 b6 17. Ne5 Ne8 18. Nef3 h6 19. Bg3 Nd6 20. Ne5 Bxe5 21. Bxe5
f5 22. Kg2 Nf7 23. Bg3 Nd6 24. f3 Rc6 25. b4 Nab7 26. Bd1 Ra8 27. a4 a6 28. Bc2
b5 29. a5 Rf8 30. Rf1 Rcc8 31. Rbe1 Rf7 32. Rf2 Rcf8 33. Ref1 Nd8 34. Bd1 Ne8
35. Kg1 g5 36. Be5 Nf6 37. Bxf6 Rxf6 38. e4 f4 39. Re1 Nc6 40. Bc2 Kg7 41. exd5
Bxd5 42. Ne4 Bxe4 43. Bxe4 Nd8 44. Rfe2 Re8 45. Bf5 Rd6 46. Rxe7+ Rxe7 47.
Rxe7+ Nf7 48. Ra7 Kf6 49. Bc8 Nd8 50. Rxa6 Ke7 51. Ra7+ Kf6 52. Rd7 Nf7 53. a6
1-0

[Event "Open de la Constitución 2019"]
[Site "S. S. de los Reyes ESP"]
[Date "2019.12.03"]
[Round "4.5"]
[White "Bassani, Jaison Jose"]
[Black "Perez Ordoñez, Jose Ramon"]
[Result "0-1"]
[WhiteElo "2013"]
[BlackElo "2149"]
[PlyCount "58"]
[EventDate "2019.11.30"]
[EventType "swiss"]
[EventRounds "9"]
[EventCountry "ESP"]
[SourceTitle "Ajedrez en Madrid"]
[Source "lmi"]
[SourceDate "2019.11.30"]
[SourceVersion "1"]
[SourceVersionDate "2019.12.16"]
[SourceQuality "1"]

1. e4 e5 2. Bc4 Nf6 3. d3 Nc6 4. Nc3 Na5 5. Qf3 Nxc4 6. dxc4 d6 7. h3 Be6 8. b3
c6 9. Nge2 h6 10. O-O Be7 11. Rd1 Qc7 12. Ng3 g6 13. a4 h5 14. Be3 h4 15. Nf1
Nh5 16. a5 f5 17. c5 f4 18. cxd6 Bxd6 19. Bc1 g5 20. Nh2 Nf6 21. Na4 g4 22.
hxg4 Rg8 23. Rxd6 Qxd6 24. Ba3 Qc7 25. Nc5 Bc8 26. Qc3 Nxg4 27. Rd1 Nxh2 28.
Kxh2 Qg7 29. Rg1 Qg3+ 0-1

[Event "Open de la Constitución 2019"]
[Site "S. S. de los Reyes ESP"]
[Date "2019.12.03"]
[Round "4.7"]
[White "Sanchez Saez, Francisco"]
[Black "Vazquez Gonzalez, Jesus"]
[Result "1-0"]
[WhiteElo "2337"]
[BlackElo "1929"]
[PlyCount "43"]
[EventDate "2019.11.30"]
[EventType "swiss"]
[EventRounds "9"]
[EventCountry "ESP"]
[SourceTitle "Ajedrez en Madrid"]
[Source "lmi"]
[SourceDate "2019.11.30"]
[SourceVersion "1"]
[SourceVersionDate "2019.12.16"]
[SourceQuality "1"]

1. Nf3 c5 2. e4 e6 3. d4 cxd4 4. c3 dxc3 5. Nxc3 Nc6 6. Bc4 a6 7. O-O b5 8. Bb3
Bb7 9. Re1 Nge7 10. Bg5 h6 11. Be3 Ng6 12. Nd5 exd5 13. exd5 Be7 14. dxc6 Bxc6
15. Qd3 Kf8 16. Qf5 Bf6 17. Bc5+ d6 18. Rad1 Ne7 19. Rxd6 Qc8 20. Rxf6 gxf6 21.
Bxe7+ Kg8 22. Qg6# 1-0

[Event "Open de la Constitución 2019"]
[Site "S. S. de los Reyes ESP"]
[Date "2019.12.03"]
[Round "4.8"]
[White "Quevedo Marin, Manuel"]
[Black "De Vicente Guijarro, Juan"]
[Result "1/2-1/2"]
[WhiteElo "2197"]
[BlackElo "1853"]
[PlyCount "80"]
[EventDate "2019.11.30"]
[EventType "swiss"]
[EventRounds "9"]
[EventCountry "ESP"]
[SourceTitle "Ajedrez en Madrid"]
[Source "lmi"]
[SourceDate "2019.11.30"]
[SourceVersion "1"]
[SourceVersionDate "2019.12.16"]
[SourceQuality "1"]

1. e4 c5 2. Nc3 Nc6 3. Bb5 g6 4. Bxc6 bxc6 5. f4 d6 6. Nf3 Bg7 7. O-O e6 8. d3
Ne7 9. Be3 O-O 10. Qd2 Qb6 11. Rab1 Qc7 12. Kh1 Bd7 13. Qf2 Rfb8 14. Qh4 Qd8
15. Ng5 h6 16. Nf3 a5 17. Ne2 a4 18. g4 f5 19. gxf5 exf5 20. Rg1 Qf8 21. e5 Nd5
22. Bd2 Be8 23. c4 Nb4 24. d4 cxd4 25. Nexd4 c5 26. Ne6 Qf7 27. Nxg7 Bc6 28.
Rbf1 Qxg7 29. a3 Nc2 30. Bc3 Nd4 31. Bxd4 cxd4 32. exd6 Kh7 33. Rg3 Rb3 34. Kg1
d3 35. Ne5 Qa7+ 36. c5 Qxc5+ 37. Rf2 Rg8 38. Nf7 Qc1+ 39. Rf1 Qc5+ 40. Rf2 Qc1+
1/2-1/2

[Event "Open de la Constitución 2019"]
[Site "S. S. de los Reyes ESP"]
[Date "2019.12.03"]
[Round "4.9"]
[White "Pindado Campos, Raul"]
[Black "Minguela Muñoz, Bienvenido"]
[Result "1-0"]
[WhiteElo "2100"]
[BlackElo "1827"]
[PlyCount "111"]
[EventDate "2019.11.30"]
[EventType "swiss"]
[EventRounds "9"]
[EventCountry "ESP"]
[SourceTitle "Ajedrez en Madrid"]
[Source "lmi"]
[SourceDate "2019.11.30"]
[SourceVersion "1"]
[SourceVersionDate "2019.12.16"]
[SourceQuality "1"]

1. d4 Nf6 2. c4 e6 3. g3 d5 4. Bg2 Nbd7 5. Nf3 Be7 6. O-O O-O 7. Qc2 c6 8. Nbd2
Re8 9. Rd1 Bd6 10. e4 dxe4 11. Nxe4 Nxe4 12. Qxe4 Nf6 13. Qc2 h6 14. Bd2 Qe7
15. Re1 Qc7 16. Rad1 c5 17. dxc5 Bxc5 18. b4 Bd6 19. c5 Nd5 20. Qb1 Be7 21. Nd4
Bd7 22. Nf5 Bc6 23. Nxe7+ Nxe7 24. Bf1 Bf3 25. Bf4 Qc8 26. Rd3 Bh5 27. Ra3 Bg6
28. Qb2 Rd8 29. Bg2 Qd7 30. h3 Nf5 31. b5 Rac8 32. c6 bxc6 33. bxc6 Qd4 34.
Qxd4 Nxd4 35. c7 Re8 36. Rxa7 f6 37. Bb7 e5 38. Be3 Kf8 39. Bxd4 Rxc7 40. Bg2
Rc4 41. Be3 h5 42. Rc1 Rxc1+ 43. Bxc1 Rd8 44. Ra8 Rxa8 45. Bxa8 Bd3 46. a4 Ke7
47. Ba3+ Kd7 48. Bf3 g6 49. Bd1 Be4 50. Be2 Kc6 51. h4 Kb6 52. Bb4 Bc6 53. a5+
Kb7 54. Be7 f5 55. Bf6 e4 56. Bd4 1-0

[Event "Open de la Constitución 2019"]
[Site "S. S. de los Reyes ESP"]
[Date "2019.12.03"]
[Round "4.10"]
[White "Marcos Herrero, Francisco"]
[Black "Ramos Fernandez, Pedro"]
[Result "0-1"]
[WhiteElo "1788"]
[BlackElo "2008"]
[PlyCount "82"]
[EventDate "2019.11.30"]
[EventType "swiss"]
[EventRounds "9"]
[EventCountry "ESP"]
[SourceTitle "Ajedrez en Madrid"]
[Source "lmi"]
[SourceDate "2019.11.30"]
[SourceVersion "1"]
[SourceVersionDate "2019.12.16"]
[SourceQuality "1"]

1. Nf3 d6 2. d4 Nf6 3. g3 Nbd7 4. Bg2 e5 5. O-O Be7 6. dxe5 dxe5 7. Nc3 O-O 8.
e4 Re8 9. Qe2 c6 10. h3 Qc7 11. Be3 Bc5 12. Rad1 Bxe3 13. fxe3 Qb6 14. b3 Qb4
15. Qc4 Qxc4 16. bxc4 Nc5 17. Nh4 Be6 18. Nf5 Bxc4 19. Rf2 Be6 20. Rfd2 Bxf5
21. exf5 Kf8 22. Bf1 Ke7 23. Bc4 b5 24. Bb3 a5 25. a4 b4 26. Nb1 Nfe4 27. Rg2
Red8 28. Re1 Nxb3 29. cxb3 Rd3 30. g4 Rad8 31. h4 Rxb3 32. Rc2 c5 33. Rc4 Rxb1
34. Rxb1 Nd2 35. Rbxb4 cxb4 36. Rc5 b3 37. Rxe5+ Kd6 38. Rb5 Rc8 39. e4 Rc4 40.
Rd5+ Ke7 41. Rxd2 Rxa4 0-1